|
|
|
|
| LEADER |
00711nam a22002292a 4500 |
| 001 |
001079169 |
| 003 |
CZ BrMZK |
| 005 |
20200131115947.0 |
| 007 |
ta |
| 008 |
091210s1953 xo er|||||||||||slo d |
| 040 |
|
|
|a ABA001
|b cze
|d ABA001
|d BOA001
|
| 100 |
1 |
|
|a Králik, Štefan,
|d 1909-1983
|7 jn20000703139
|4 aut
|
| 245 |
1 |
0 |
|a Svätá Barbora :
|b dráma v 5 dejstvách /
|c Štefan Králik
|
| 250 |
|
|
|a 1. vyd.
|
| 260 |
|
|
|a Martin :
|b Osveta,
|c 1953
|
| 300 |
|
|
|a 92 s.
|
| 490 |
1 |
|
|a Slovenské divadlo ;
|v sv. 21
|
| 830 |
|
0 |
|a Slovenské divadlo (Osveta)
|
| 910 |
|
|
|a BOA001
|b 1-0314.893
|
| 990 |
|
|
|a BK
|
| 991 |
|
|
|b 200912
|
| 996 |
7 |
|
|b 2619389017
|c 1-0314.893
|l MZK
|r Sklad / do 1 hodiny
|n 2
|w 001100867
|u 000010
|a 1
|e BOA001
|j MZK50
|s A
|